000 00350nam a2200157Ia 4500
100 _aBathe/klaus-jurgen
942 _cBK
366 _f15
654 _afinite element
245 _aFinite element procedures
260 _bPrentice Hall of India
_aNew Delhi
_c1996
082 _a620.0015/BAT
300 _a1037
546 _aENGLISH
999 _c34597
_d34597